Complete the Titles of Songs by ABBA - Statistics

General Stats
  • This quiz has been taken 267 times
  • The average score is 14 of 15
Answer Stats
Answer % Correct
Dancing {Queen}
100%
Money, Money, {Money}
100%
Take a Chance on {Me}
100%
The Winner Takes It {All}
100%
I Do, I Do, I Do, I Do, I {Do}
99%
Knowing Me, Knowing {You}
99%
Does Your Mother {Know}
95%
Gimme! Gimme! Gimme! (A Man After {Midnight})
95%
I Have a {Dream}
92%
Super {Trouper}
92%
One of {Us}
91%
Thank You for the {Music}
89%
The Name Of The {Game}
89%
Ring {Ring}
69%
Summer Night {City}
49%
No matching quizzes found
Score Distribution
Percent of People with Each Score
Percentile by Number Answered
Your Score History
You have not taken this quiz